Statistics for 北京市地图 Beijing Map Quiz

Click here to take the quiz!

General Stats

  • This quiz has been taken 3 181 times
  • The average score is 13 of 16

Answers on the Map

Answers color-coded by a green-red scale on the quiz's map according to % correct below.
 

Answer Stats

区划% Correct
东城区
95%
西城区
95%
朝阳区
93%
海淀区
93%
大兴区
87%
密云区
83%
石景山区
80%
通州区
80%
丰台区
76%
房山区
76%
昌平区
76%
门头沟区
75%
顺义区
72%
怀柔区
72%
延庆区
72%
平谷区
68%

Score Distribution

Percentile by Number Answered

Percent of People with Each Score

Your Score History

You have not taken this quiz